Cyclisme: Top 100 d'après guerre (classement PCS) - Statistiques

Statistiques générales
  • Ce quiz a été pris 55 fois
  • Le résultat moyen est 34 sur 100
Statistiques - réponses
Hint Réponse % Correct
1- Belgique MERCKX Eddy
92%
4- France HINAULT Bernard
90%
7- France ANQUETIL Jacques
80%
17- Slovénie POGAČAR Tadej
80%
39- Grande Bretagne FROOME Chris
78%
21- Espagne INDURAIN Miguel
78%
11- Italie COPPI Fausto
76%
86- France ALAPHILIPPE Julian
70%
35- Italie NIBALI Vincenzo
70%
29- Espagne CONTADOR Alberto
68%
9- France JALABERT Laurent
68%
18- Slovaquie SAGAN Peter
68%
23- Slovénie ROGLIČ Primož
66%
52- France FIGNON Laurent
64%
6- Espagne VALVERDE Alejandro
64%
93- Pays Bas VAN DER POEL Adrie
64%
85- Pays Bas VAN DER POEL Mathieu
64%
20- France POULIDOR Raymond
60%
53- Irlande ROCHE Stephen
60%
24- Grande Bretagne CAVENDISH Mark
58%
81- Australie EVANS Cadel
58%
26- Belgique BOONEN Tom
56%
2- Irlande KELLY Sean
56%
31- Suisse CANCELLARA Fabian
54%
62- Belgique VAN AERT Wout
54%
30- France BOBET Louison
52%
68- Colombie QUINTANA Nairo
48%
10- Italie BARTALI Gino
46%
47- Belgique EVENEPOEL Remco
46%
28- Belgique GILBERT Philippe
46%
78- États Unis LEMOND Greg
46%
74- France THÉVENET Bernard
44%
91- Espagne BAHAMONTES Federico
42%
14- Italie GIMONDI Felice
42%
76- Kazakhstan VINOKOUROV Alexandre
40%
25- italie CIPOLLINI Mario
38%
15- Pays Bas ZOETEMELK Joop
38%
34- Allemagne GREIPEL André
36%
42- Espagne OCAÑA Luis
36%
71- Suisse KOBLET Hugo
34%
16- Allemagne ZABEL Erik
34%
92- Italie BASSO Marino
32%
94- Norvège HUSHOVD Thor
32%
33- Suisse KÜBLER Ferdinand
32%
54- Espagne RODRÍGUEZ Joaquim
32%
19- Suisse ROMINGER Tony
32%
8- Belgique VAN LOOY Rik
32%
43- Italie BETTINI Paolo
30%
96- Luxembourg GAUL Charly
30%
13- Belgique MAERTENS Freddy
30%
32- Italie PETACCHI Alessandro
30%
84- Allemagne ULLRICH Jan
30%
45- Suisse ZÜLLE Alex
30%
40- Norvège KRISTOFF Alexander
28%
80- Allemagne MARTIN Tony
28%
3- Italie MOSER Francesco
28%
100- Espagne SÁNCHEZ Samuel
28%
5- Belgique DE VLAEMINCK Roger
26%
66- Italie ARGENTIN Moreno
22%
51- Espagne FREIRE Óscar
22%
46- Australie MCEWEN Robbie
22%
38- Belgique MUSEEUW Johan
22%
12- Italie SARONNI Giuseppe
22%
61- France DÉMARE Arnaud
20%
95- Italie DI LUCA Danilo
20%
98- Australie MATTHEWS Michael
20%
49- Pays Bas RAAS Jan
20%
50- Italie BUGNO Gianni
18%
69- Italie CHIAPPUCCI Claudio
18%
27- Italie REBELLIN Davide
18%
60- Belgique VAN AVERMAET Greg
18%
67- Allemagne ALTIG Rudi
16%
70- Italie BARTOLI Michele
16%
41- Italie MAGNI Fiorenzo
16%
97- Espagne OLANO Abraham
16%
90- Norvège BOASSON HAGEN Edvald
14%
82- France DARRIGADE André
14%
56- Pays Bas JANSSEN Jan
14%
58- Belgique VAN STEENBERGEN Rik
14%
72- Australie ANDERSON Phil
12%
77- Italie FONDRIEST Maurizio
12%
22- Italie BITOSSI Franco
10%
48- Belgique GODEFROOT Walter
10%
64- Pays Bas KNETEMANN Gerrie
10%
83- Dannemark SØRENSEN Rolf
10%
75- Italie VIVIANI Elia
10%
55- Italie BARONCHELLI Gianbattista
8%
63- Belgique VANDERAERDEN Eric
8%
73- Italie CASAGRANDE Francesco
6%
79- Italie MOTTA Gianni
6%
65- France MOTTET Charly
6%
36- Espagne POBLET Miguel
6%
37- Belgique VAN SPRINGEL Herman
6%
99- Allemagne VOIGT Jens
6%
59- Espagne LEJARRETA Marino
4%
44- Espagne PERURENA Domingo
4%
89- Italie DANCELLI Michele
2%
87- Italie GAVAZZI Pierino
2%
88- Espagne LASA Miguel María
2%
57- Belgique VERBEECK Frans
2%
Aucun quiz correspondant
Distribution des résultats
% des personnes avec chaque résultat
Percentile par nombre de réponses
Votre historique - résultats
Vous n’avez pas pris ce quiz